| 000 | 00834nam a2200253Ia 4500 | ||
|---|---|---|---|
| 003 | OSt | ||
| 005 | 20241126103630.0 | ||
| 008 | 210716s2004 xx 000 0 und d | ||
| 020 | _a0072534826 | ||
| 040 | _cAIMIT LIBRARY | ||
| 041 | _aeng | ||
| 082 |
_a657.044 _21 _bSPIJ |
||
| 100 |
_aSpiceland, J David. _9186554 |
||
| 245 |
_aAlternate exercises and problems for use with intermediate accounting / _cBy J David Spiceland, James F Seqe and Lawrence A Tomassni. |
||
| 250 | _a3rd ed. | ||
| 260 |
_aNew Delhi : _bIrwin , _c2004. |
||
| 300 |
_aiv,22-11p. ; _bPB _c28.4 cm |
||
| 650 |
_aEconomic resources _9186363 |
||
| 650 |
_aFinancial Instruments _9186372 |
||
| 650 |
_aAdditional topics _9186373 |
||
| 700 |
_aSepe, James F. _9186365 |
||
| 700 |
_aTomassini, Lawrence A. _9186366 |
||
| 942 |
_2ddc _cBK _e3rd _k657.044 SPIJ SPIJ |
||
| 999 |
_c198994 _d198994 |
||